LEADER 02017nam0 2200397 i 450 001 SUN0054930 005 20180329110029.356 010 $a35-401-5281-4$d0.00 010 $a978-35-401-5281-1 100 $a20061030d1987 |0engc50 ba 101 $aeng 102 $aDE 105 $a|||| ||||| 200 1 $a*Geometries and groups$fV. V. Nikulin, I. R. Shafarevich 210 $aBerlin$cSpringer$d1987 215 $aVIII, 251 p.$cill.$d24 cm. 410 1$1001SUN0024506$12001 $a*Universitext$1210 $aBerlin$cSpringer. 606 $a20-XX$xGroup theory and generalizations [MSC 2020]$2MF$3SUNC019715 606 $a51-XX$xGeometry [MSC 2020]$2MF$3SUNC019810 606 $a51M10$xHyperbolic and elliptic geometries (general) and generalizations [MSC 2020]$2MF$3SUNC020835 606 $a11H06$xLattices and convex bodies (number-theoretic aspects) [MSC 2020]$2MF$3SUNC021968 606 $a20H15$xOther geometric groups, including crystallographic groups [MSC 2020]$2MF$3SUNC022406 606 $a51M05$xEuclidean geometries (general) and generalizations [MSC 2020]$2MF$3SUNC023698 606 $a57S30$xDiscontinuous groups of transformations [MSC 2020]$2MF$3SUNC023724 620 $dBerlin$3SUNL000066 700 1$aNikulin$b, Viacheslav V.$3SUNV043414$0535558 701 1$aShafarevich$b, Igor R.$3SUNV020243$0730610 712 $aSpringer$3SUNV000178$4650 790 1$aShafarevich, Igor Rostislavovich$zShafarevich, Igor R.$3SUNV062485 790 1$aShafarevich, I. R.$zShafarevich, Igor R.$3SUNV062486 801 $aIT$bSOL$c20201012$gRICA 856 4 $uhttps://books.google.it/books?id=1p4Rp5Lh6bUC&pg=PA196&dq=9783540152811&hl=it&sa=X&ved=0ahUKEwjKut-3lZHaAhUQGhQKHV8mAw4QuwUILTAA#v=onepage&q=9783540152811&f=false$zPreview 912 $aSUN0054930 950 $aUFFICIO DI BIBLIOTECA DEL DIPARTIMENTO DI MATEMATICA E FISICA$d08PREST 51-XX 3035 $e08 3170 I 20061030 996 $aGeometries and groups$91521566 997 $aUNICAMPANIA LEADER 00960nam 2200337 450 001 9910132126603321 005 20240207214122.0 010 $a1-55442-877-7 035 $a(CKB)3680000000168967 035 $a(NjHacI)993680000000168967 035 $a(EXLCZ)993680000000168967 100 $a20240207d2003 uy 0 101 0 $afre 135 $aur||||||||||| 181 $ctxt$2rdacontent 182 $cc$2rdamedia 183 $acr$2rdacarrier 200 10$aEspe?rer /$fJean-Marc Piotte 210 1$aChicoutimi :$cJ.-M. Tremblay,$d2003. 215 $a1 online resource (11 pages) 225 1 $aClassiques des sciences sociales 410 0$aClassiques des sciences sociales. 607 $aQue?bec (Province)$xPolitics and government 676 $a320.971404 700 $aPiotte$b Jean-Marc$0126106 801 0$bNjHacI 801 1$bNjHacl 906 $aBOOK 912 $a9910132126603321 996 $aEspérer$92254517 997 $aUNINA